[Event "GER-chT U16"]
[Site "Magdeburg"]
[Date "2023.12.30"]
[Round "7.1"]
[White "Nitsche, Nikolai"]
[Black "Deschler, Arne"]
[Result "1-0"]
[WhiteElo "1874"]
[BlackElo "1953"]
[PlyCount "107"]
[EventDate "2023.12.26"]
[EventType "team-swiss"]
[EventRounds "7"]
[EventCountry "GER"]
[SourceTitle "CB03_2024"]
[SourceDate "2024.01.17"]
[SourceVersion "1"]
[SourceVersionDate "2024.01.17"]
[SourceQuality "1"]
[WhiteTeam "Berlin Empor"]
[BlackTeam "Nuernberg Noris Tarrasch"]
[WhiteTeamCountry "GER"]
[BlackTeamCountry "GER"]

1. Nf3 d5 2. g3 Nf6 3. Bg2 c6 4. 0-0 Bf5 5. d3 Nbd7 6. b3 e5 7. Bb2 Bd6 8. c4 0-0 9. cxd5 cxd5 10. Nc3 Qe7 11. Nb5 Bb4 12. Nh4 Be6 13. Nc7 Rac8 14. Nxe6 Qxe6 15. Rc1 Rxc1 16. Qxc1 Ne8 17. e4 d4 18. Nf5 g6 19. Nh6+ Kh8 20. f4 f6 21. f5 Qc6 22. fxg6 Qxc1 23. g7+ Nxg7 24. Rxc1 Bd6 25. b4 Nb6 26. a3 Ne8 27. Rf1 Kg7 28. Bc1 Kg6 29. h4 Be7 30. Bh3 Nd6 31. Be6 Ra8 32. Bb3 Kg7 33. h5 Rc8 34. Bd2 Kh8 35. Ng4 Ne8 36. Nh6 Nd6 37. Ng4 Ne8 38. Kg2 a6 39. Kh3 Rc6 40. Nh6 Nd6 41. g4 Nbc8 42. Nf5 Nxf5 43. gxf5 Bf8 44. Rg1 Ne7 45. b5 axb5 46. h6 Rc3 47. Bxc3 dxc3 48. Rc1 Nc6 49. Rxc3 Bxa3 50. Bd5 b4 51. Rc4 Ne7 52. Rc7 b3 53. Rxe7 Bd6 54. Rd7 1-0

[Event "Berlin Werner Ott op"]
[Site "Berlin"]
[Date "2023.07.15"]
[Round "1"]
[White "Solberg, Joachim Krokvik"]
[Black "Nitsche, Nikolai"]
[Result "1-0"]
[WhiteElo "2172"]
[BlackElo "1784"]
[PlyCount "67"]
[EventDate "2023.07.15"]
[EventType "swiss"]
[EventRounds "9"]
[EventCountry "GER"]
[SourceTitle "EXT 2024"]
[Source "ChessBase"]
[SourceDate "2023.10.10"]
[SourceVersion "1"]
[SourceVersionDate "2023.10.10"]
[SourceQuality "1"]

1. e4 g6 2. d4 Bg7 3. Nf3 d6 4. Bc4 Nf6 5. Qe2 a6 6. e5 dxe5 7. dxe5 Ng4 8. e6 fxe6 9. Ng5 Ne5 10. Nxe6 Bxe6 11. Bxe6 Nbc6 12. Be3 Qd6 13. Bb3 0-0-0 14. Nc3 Nd4 15. Bxd4 Qxd4 16. Rd1 Qc5 17. 0-0 Kb8 18. Ne4 Qb6 19. Ng5 Bf6 20. Ne6 Rd6 21. Rxd6 exd6 22. Kh1 Re8 23. Nf4 c6 24. c3 Re7 25. Qd1 d5 26. g3 h5 27. Kg2 h4 28. Qc2 Rg7 29. Re1 g5 30. Nh5 h3+ 31. Kxh3 Rf7 32. Nxf6 Nf3 33. Re8+ Ka7 34. Qg6 1-0

[Event "GER-chT U14"]
[Site "Willingen"]
[Date "2022.08.14"]
[Round "3.3"]
[White "Goldinov, Daniel"]
[Black "Nitsche, Nikolai"]
[Result "1-0"]
[WhiteElo "1546"]
[BlackElo "1817"]
[PlyCount "31"]
[EventDate "2022.08.13"]
[EventType "team-swiss"]
[EventRounds "7"]
[EventCountry "GER"]
[SourceTitle "EXT 2023"]
[Source "ChessBase"]
[SourceDate "2022.10.05"]
[SourceVersion "1"]
[SourceVersionDate "2022.10.05"]
[SourceQuality "1"]
[WhiteTeam "Stuttgart SF"]
[BlackTeam "Berlin Empor"]
[WhiteTeamCountry "GER"]
[BlackTeamCountry "GER"]

1. e4 g6 2. Bc4 Bg7 3. Qf3 e6 4. Ne2 Ne7 5. Nbc3 c6 6. d4 d5 7. Bb3 dxe4 8. Nxe4 f5 9. Ng5 Nd5 10. c4 Nf6 11. Nf4 0-0 12. 0-0 Re8 13. d5 Nxd5 14. cxd5 Qxg5 15. Nxe6 Qe7 16. Nc7 1-0

[Event "GER-chT U14"]
[Site "Willingen"]
[Date "2022.08.13"]
[Round "1.6"]
[White "Nitsche, Nikolai"]
[Black "Ehrig, Leon Chris"]
[Result "1/2-1/2"]
[WhiteElo "1817"]
[BlackElo "1832"]
[PlyCount "52"]
[EventDate "2022.08.13"]
[EventType "team-swiss"]
[EventRounds "7"]
[EventCountry "GER"]
[SourceTitle "EXT 2023"]
[Source "ChessBase"]
[SourceDate "2022.10.05"]
[SourceVersion "1"]
[SourceVersionDate "2022.10.05"]
[SourceQuality "1"]
[WhiteTeam "Berlin Empor"]
[BlackTeam "Chemnitz USG"]
[WhiteTeamCountry "GER"]
[BlackTeamCountry "GER"]

1. g3 Nf6 2. Bg2 d5 3. Nf3 e6 4. 0-0 Be7 5. c4 0-0 6. d3 c5 7. cxd5 exd5 8. Re1 Nc6 9. Bf4 Qb6 10. Qc1 c4 11. dxc4 Bc5 12. e3 Nb4 13. Rd1 Bf5 14. Ne1 dxc4 15. Qxc4 Rac8 16. Qe2 Nc2 17. Nxc2 Qxb2 18. Nd2 Qxc2 19. Bxb7 Ba3 20. Bxc8 Rxc8 21. Qb5 h6 22. Be5 Ng4 23. Bd4 Be6 24. Qb1 Qc6 25. Qe4 Qd7 26. h3 Bf5 1/2-1/2

[Event "GER-ch U14"]
[Site "Willingen"]
[Date "2021.08.29"]
[Round "9"]
[White "Pfeffer, Samuel"]
[Black "Nitsche, Nikolai"]
[Result "0-1"]
[WhiteElo "1487"]
[BlackElo "1835"]
[PlyCount "90"]
[EventDate "2021.08.22"]
[EventType "swiss"]
[EventRounds "9"]
[EventCountry "GER"]
[SourceTitle "EXT 2022"]
[Source "ChessBase"]
[SourceDate "2021.10.06"]
[SourceVersion "1"]
[SourceVersionDate "2021.10.06"]
[SourceQuality "1"]

1. d4 Nf6 2. c4 e5 3. dxe5 Ng4 4. Bf4 Bb4+ 5. Nc3 Nc6 6. Nf3 Qe7 7. Qc2 Ngxe5 8. Nxe5 Nxe5 9. e3 0-0 10. Be2 d6 11. 0-0 Bxc3 12. Qxc3 Ng6 13. Bg3 Be6 14. Bf3 Rab8 15. Rfd1 Qg5 16. Qd4 Ne5 17. Be2 Nc6 18. Qc3 Qc5 19. a3 a5 20. Rab1 a4 21. b4 axb3 22. Rxb3 Qa7 23. Rb5 b6 24. Rg5 f6 25. Rh5 Bf7 26. Rb5 Nd8 27. Bh5 Be6 28. Qd4 Qa4 29. Be2 Bf7 30. Qh4 Ne6 31. Rf5 Bg6 32. Rfd5 Nc5 33. Rf1 Ne4 34. Bh5 Nxg3 35. hxg3 Qxa3 36. Bxg6 hxg6 37. Qg4 g5 38. Qe6+ Rf7 39. Rf5 Qa8 40. c5 bxc5 41. f4 Re8 42. Qb3 Qe4 43. Qb1 g6 44. Re5 Rxe5 45. fxe5 Qxb1 0-1

[Event "GER-ch U14"]
[Site "Willingen"]
[Date "2021.08.27"]
[Round "7"]
[White "Zhou, Lepu Coco"]
[Black "Nitsche, Nikolai"]
[Result "1-0"]
[WhiteElo "2009"]
[BlackElo "1835"]
[PlyCount "81"]
[EventDate "2021.08.22"]
[EventType "swiss"]
[EventRounds "9"]
[EventCountry "GER"]
[SourceTitle "EXT 2022"]
[Source "ChessBase"]
[SourceDate "2021.10.06"]
[SourceVersion "1"]
[SourceVersionDate "2021.10.06"]
[SourceQuality "1"]

1. e4 e5 2. Nf3 Nc6 3. Bb5 a6 4. Ba4 b5 5. Bb3 Na5 6. Nxe5 Nxb3 7. axb3 Qg5 8. d4 Qxg2 9. Qf3 Qxf3 10. Nxf3 Bb7 11. Nbd2 Nf6 12. 0-0 g6 13. c4 Bg7 14. e5 Nh5 15. d5 c6 16. Ne4 0-0 17. Nc5 Bc8 18. d6 Re8 19. Re1 Bf8 20. Ne4 bxc4 21. bxc4 Bg7 22. Bg5 h6 23. Be7 Nf4 24. Nc5 g5 25. Nd4 Ng6 26. Bf6 Nxe5 27. Bxg7 Kxg7 28. Nd3 f6 29. Nf5+ Kf7 30. Nxh6+ Kg6 31. Nxe5+ Rxe5 32. Rxe5 fxe5 33. Ng4 Kf5 34. h3 Rb8 35. Ra5 Ke6 36. Rxe5+ Kxd6 37. Rxg5 Rxb2 38. h4 Re2 39. Ne3 Ke7 40. h5 Rd2 41. h6 1-0

[Event "GER-ch U14"]
[Site "Willingen"]
[Date "2021.08.23"]
[Round "1"]
[White "Leubner, Paul Damdin"]
[Black "Nitsche, Nikolai"]
[Result "0-1"]
[WhiteElo "1407"]
[BlackElo "1835"]
[PlyCount "52"]
[EventDate "2021.08.22"]
[EventType "swiss"]
[EventRounds "9"]
[EventCountry "GER"]
[SourceTitle "EXT 2022"]
[Source "ChessBase"]
[SourceDate "2021.10.06"]
[SourceVersion "1"]
[SourceVersionDate "2021.10.06"]
[SourceQuality "1"]

1. e4 c5 2. Nf3 Nc6 3. d4 cxd4 4. Nxd4 g6 5. Be3 Bg7 6. Be2 Nf6 7. f3 0-0 8. Qd2 d5 9. exd5 Nxd5 10. Bf2 Nxd4 11. Bxd4 e5 12. Bf2 Nf4 13. g3 Nxe2 14. Qxe2 e4 15. Nc3 exf3 16. Qxf3 Re8+ 17. Be3 Bg4 18. Qxg4 Rxe3+ 19. Kf2 Qd2+ 20. Ne2 Rae8 21. Rhe1 Qxc2 22. Rac1 Qxb2 23. Rc8 Qxa2 24. Rxe8+ Rxe8 25. Qd7 Qe6 26. Qxb7 Bc3 0-1

[Event "GER-ch U14"]
[Site "Willingen"]
[Date "2021.08.23"]
[Round "2"]
[White "Nitsche, Nikolai"]
[Black "Ohler, Julius"]
[Result "1/2-1/2"]
[WhiteElo "1835"]
[BlackElo "2014"]
[PlyCount "56"]
[EventDate "2021.08.22"]
[EventType "swiss"]
[EventRounds "9"]
[EventCountry "GER"]
[SourceTitle "EXT 2022"]
[Source "ChessBase"]
[SourceDate "2021.10.06"]
[SourceVersion "1"]
[SourceVersionDate "2021.10.06"]
[SourceQuality "1"]

1. e4 c6 2. Nf3 d5 3. Nc3 Bg4 4. h3 Bxf3 5. Qxf3 e6 6. Be2 Nf6 7. 0-0 Nbd7 8. d4 dxe4 9. Nxe4 Nxe4 10. Qxe4 Nf6 11. Qd3 Qc7 12. Bg5 Be7 13. c3 0-0 14. Qc2 Rfd8 15. Bc4 Qa5 16. Bh4 Qh5 17. Bg3 Bd6 18. f4 Qg6 19. Qxg6 hxg6 20. Bh4 Rd7 21. Bxf6 gxf6 22. Rad1 Rad8 23. Rf3 f5 24. g3 Kg7 25. Kg2 Kf6 26. h4 Bc7 27. b4 Bb6 28. Rfd3 Rd6 1/2-1/2

[Event "GER-chT U14"]
[Site "Willingen"]
[Date "2021.06.26"]
[Round "6.4"]
[White "Nitsche, Nikolai"]
[Black "Hommer, Jeremy"]
[Result "0-1"]
[WhiteElo "1831"]
[BlackElo "2180"]
[PlyCount "76"]
[EventDate "2021.06.23"]
[EventType "team-swiss"]
[EventRounds "7"]
[EventCountry "GER"]
[SourceTitle "EXT 2022"]
[Source "ChessBase"]
[SourceDate "2021.10.06"]
[SourceVersion "1"]
[SourceVersionDate "2021.10.06"]
[SourceQuality "1"]
[WhiteTeam "Berlin Empor"]
[BlackTeam "Lueneburg Turm"]
[WhiteTeamCountry "GER"]
[BlackTeamCountry "GER"]

1. d4 Nf6 2. Bf4 e6 3. e3 d5 4. c3 c5 5. Nf3 Bd6 6. Bg3 0-0 7. Nbd2 Qc7 8. Ne5 Nc6 9. f4 b6 10. Bd3 a5 11. Bh4 Be7 12. Bxf6 Bxf6 13. Qh5 g6 14. Qe2 Bxe5 15. fxe5 f6 16. 0-0 fxe5 17. Rxf8+ Kxf8 18. Rf1+ Kg8 19. Qf3 Bb7 20. e4 Rd8 21. exd5 exd5 22. Qf6 Qe7 23. dxe5 Rf8 24. Qxe7 Nxe7 25. Nf3 h6 26. Kf2 Kg7 27. Ke2 Bc8 28. h3 Nf5 29. Kd2 Ng3 30. Re1 Be6 31. b4 axb4 32. cxb4 Ra8 33. bxc5 Rxa2+ 34. Ke3 bxc5 35. Rb1 d4+ 36. Kf4 Nh5+ 37. Ke4 Ra7 38. g4 Rd7 0-1

[Event "GER-chT U14"]
[Site "Willingen"]
[Date "2021.06.24"]
[Round "2.2"]
[White "Ermitsch, Magnus"]
[Black "Nitsche, Nikolai"]
[Result "1-0"]
[WhiteElo "2115"]
[BlackElo "1831"]
[PlyCount "81"]
[EventDate "2021.06.23"]
[EventType "team-swiss"]
[EventRounds "7"]
[EventCountry "GER"]
[SourceTitle "EXT 2022"]
[Source "ChessBase"]
[SourceDate "2021.10.06"]
[SourceVersion "1"]
[SourceVersionDate "2021.10.06"]
[SourceQuality "1"]
[WhiteTeam "Lichtenberg Borussia"]
[BlackTeam "Berlin Empor"]
[WhiteTeamCountry "GER"]
[BlackTeamCountry "GER"]

1. e4 b6 2. d4 e6 3. Nc3 Bb7 4. Nf3 Nf6 5. Bd3 d5 6. e5 Ne4 7. Ne2 c5 8. c3 cxd4 9. Nexd4 a6 10. 0-0 Nc5 11. Bc2 Nc6 12. Nxc6 Bxc6 13. Nd4 Bb7 14. b4 Ne4 15. Ne2 Rc8 16. Bb2 f6 17. f3 Ng5 18. f4 Ne4 19. Nd4 Qd7 20. f5 fxe5 21. Nxe6 Nxc3 22. Ng5 Qe7 23. Qh5+ Kd7 24. f6 gxf6 25. Bf5+ Kc7 26. Bxc3 fxg5 27. Rac1 Kb8 28. Bxc8 Bxc8 29. Rce1 Bg7 30. Rf7 Qe8 31. Qf3 Rf8 32. Bxe5+ Qxe5 33. Rxe5 Rxf7 34. Qxf7 Bxe5 35. Qxd5 Bf4 36. g3 Be3+ 37. Kf1 Bc1 38. Qd6+ Kb7 39. Qe7+ Kb8 40. Qe5+ Kb7 41. Qe1 1-0

[Event "GER-ch U12"]
[Site "Willingen"]
[Date "2020.10.28"]
[Round "3"]
[White "Nitsche, Nikolai"]
[Black "Kieselbach, Jannik"]
[Result "1-0"]
[WhiteElo "1721"]
[BlackElo "1453"]
[PlyCount "143"]
[EventDate "2020.10.26"]
[EventType "swiss"]
[EventRounds "7"]
[EventCountry "GER"]
[SourceTitle "CBM 199 Extra"]
[Source "ChessBase"]
[SourceDate "2021.01.31"]
[SourceVersion "1"]
[SourceVersionDate "2021.01.31"]
[SourceQuality "1"]

1. d4 d5 2. Nf3 Nf6 3. Bf4 Bf5 4. e3 e6 5. Bd3 Bg6 6. c3 Bd6 7. Ne5 Nbd7 8. Nxg6 hxg6 9. Bxd6 cxd6 10. a4 a6 11. a5 Ne4 12. Bxe4 dxe4 13. Nd2 d5 14. c4 Rc8 15. c5 Nb8 16. b4 Nc6 17. Qb3 Na7 18. Nb1 Nb5 19. Na3 Qd7 20. Nxb5 Qxb5 21. Qa4 Qxa4 22. Rxa4 Kd7 23. Kd2 Kc6 24. Kc3 Kb5 25. Kb3 Rh4 26. Ra2 Rch8 27. Rc2 Kc6 28. h3 g5 29. Rb1 g4 30. hxg4 Rxg4 31. g3 Rg6 32. Ka4 Rb8 33. b5+ axb5+ 34. Rxb5 Ra8 35. Rb6+ Kc7 36. c6 bxc6 37. Rcxc6+ Kd7 38. Kb5 Rh6 39. Rb7+ Ke8 40. a6 Rh1 41. Kb6 Kd8 42. Rd6+ Ke8 43. a7 Rc8 44. Rbd7 Rb1+ 45. Ka6 Rb2 46. Rd8+ Rxd8 47. Rxd8+ Kxd8 48. a8Q+ Ke7 49. Qh8 Rxf2 50. Qxg7 Ra2+ 51. Kb5 Rb2+ 52. Ka4 Ra2+ 53. Kb3 Ra1 54. g4 Rf1 55. Kc3 Rf3 56. Kd2 Ke8 57. Ke2 Ke7 58. g5 Ke8 59. Qh7 Kf8 60. Qh6+ Ke7 61. Qg7 Ke8 62. Kd2 Rf2+ 63. Kc3 Rf3 64. Kb4 Rxe3 65. Kc5 Ra3 66. Kd6 Ra6+ 67. Ke5 Ra2 68. Qh8+ Ke7 69. Qf6+ Kf8 70. g6 Ra7 71. Qh8+ Ke7 72. Qh7 1-0

[Event "GER-chT Lands U20"]
[Site "Berlin"]
[Date "2020.10.02"]
[Round "4.4"]
[White "Nitsche, Nikolai"]
[Black "Werner, Rosalie"]
[Result "0-1"]
[WhiteElo "1721"]
[BlackElo "1688"]
[PlyCount "130"]
[EventDate "2020.09.29"]
[EventType "team-swiss"]
[EventRounds "7"]
[EventCountry "GER"]
[SourceTitle "CBM 198 Extra"]
[Source "ChessBase"]
[SourceDate "2020.11.30"]
[SourceVersion "1"]
[SourceVersionDate "2020.11.30"]
[SourceQuality "1"]
[WhiteTeam "Berlin U20"]
[BlackTeam "Hessen U20"]
[WhiteTeamCountry "GER"]
[BlackTeamCountry "GER"]

1. d4 Nf6 2. Nf3 d5 3. Bf4 e6 4. e3 c5 5. c3 Bd6 6. Bg3 Qc7 7. Be2 Nbd7 8. Nbd2 0-0 9. 0-0 Bxg3 10. hxg3 e5 11. dxe5 Nxe5 12. Nxe5 Qxe5 13. c4 Rd8 14. Qb3 Qe7 15. Nf3 b6 16. Rfd1 Bb7 17. a4 Ba6 18. Bf1 Bxc4 19. Bxc4 dxc4 20. Qxc4 Rxd1+ 21. Rxd1 Rd8 22. Rxd8+ Qxd8 23. a5 Qd1+ 24. Qf1 Qc2 25. Ne1 Qxb2 26. Qa6 g6 27. Qxa7 bxa5 28. Qxc5 Qxf2+ 29. Kxf2 Ne4+ 30. Ke2 Nxc5 31. g4 Kf8 32. Kd2 Ne4+ 33. Kc2 Nf6 34. g5 Ne4 35. Nf3 a4 36. Kb2 Ke7 37. Ka3 Nc5 38. Kb4 Kd6 39. Nh2 Ne4 40. Kxa4 Ke6 41. Kb4 Nxg5 42. Kc3 Ke5 43. Kd3 f5 44. Nf1 Ne4 45. Nh2 Nc5+ 46. Ke2 Ke4 47. Nf3 Ne6 48. Nd2+ Ke5 49. Nf3+ Kf6 50. Ne1 Kg5 51. Kf2 Kg4 52. Nf3 h5 53. Ne5+ Kg5 54. Nf3+ Kf6 55. Kg3 Ng5 56. Nd4 Ne4+ 57. Kf3 g5 58. g3 g4+ 59. Kg2 Nc5 60. Ne2 Nd3 61. Nd4 Ke5 62. Kf1 Ke4 63. Kg2 Nb4 64. Kf2 Nd5 65. Nc2 Kd3 0-1

[Event "GER-chT U12"]
[Site "Magdeburg"]
[Date "2019.12.28"]
[Round "4.1"]
[White "Nitsche, Nikolai"]
[Black "Fuhrmann, Bahne"]
[Result "1/2-1/2"]
[WhiteElo "1808"]
[BlackElo "1603"]
[PlyCount "77"]
[EventDate "2019.12.27"]
[EventType "team-swiss"]
[EventRounds "7"]
[EventCountry "GER"]
[SourceTitle "CBM 194 Extra"]
[Source "ChessBase"]
[SourceDate "2020.03.31"]
[SourceVersion "1"]
[SourceVersionDate "2020.03.31"]
[SourceQuality "1"]
[WhiteTeam "Berlin Empor"]
[BlackTeam "Hamburger SK"]
[WhiteTeamCountry "GER"]
[BlackTeamCountry "GER"]

1. d4 Nf6 2. Bf4 d5 3. e3 e6 4. c4 c5 5. Nf3 Bd6 6. Bg3 cxd4 7. Nxd4 Bb4+ 8. Nc3 Qa5 9. Ndb5 Na6 10. a3 Bxc3+ 11. Nxc3 Ne4 12. Be5 f6 13. b4 Nxc3 14. Bxc3 Qd8 15. cxd5 Qxd5 16. Qxd5 exd5 17. 0-0-0 Nc7 18. Be2 Bf5 19. Kb2 0-0 20. Bf3 Rfd8 21. Rd2 Rd7 22. Rhd1 Rad8 23. a4 Be6 24. b5 b6 25. Ka3 Rc8 26. Bb4 a5 27. bxa6 Nxa6 28. Bxd5 Bxd5 29. Rxd5 Rxd5 30. Rxd5 Rc2 31. Rd6 Nxb4 32. Kxb4 Rxf2 33. Rxb6 Rb2+ 34. Kc5 Ra2 35. Kb5 Rb2+ 36. Kc5 Ra2 37. Kb5 Rb2+ 38. Kc5 Ra2 39. Ra6 1/2-1/2

[Event "Oberliga Nord O 1819"]
[Site "Germany"]
[Date "2019.02.03"]
[Round "6.8"]
[White "Reyer, Ulli"]
[Black "Nitsche, Nikolai"]
[Result "1/2-1/2"]
[WhiteElo "2170"]
[BlackElo "1645"]
[PlyCount "115"]
[EventDate "2018.10.21"]
[EventType "team-tourn"]
[EventRounds "9"]
[EventCountry "GER"]
[SourceTitle "EXT 2020"]
[Source "ChessBase"]
[SourceDate "2019.10.17"]
[SourceVersion "1"]
[SourceVersionDate "2019.10.17"]
[SourceQuality "1"]
[WhiteTeam "Greifswald"]
[BlackTeam "Berlin Empor"]
[WhiteTeamCountry "GER"]
[BlackTeamCountry "GER"]

1. e4 e6 2. d4 d5 3. Nc3 Nf6 4. e5 Nfd7 5. f4 c5 6. Nf3 Nc6 7. Be3 cxd4 8. Nxd4 Qb6 9. Qd2 Qxb2 10. Rb1 Qa3 11. Bb5 Nxd4 12. Bxd4 Bb4 13. 0-0 a6 14. Rb3 Qa5 15. a3 Be7 16. Bxd7+ Bxd7 17. Qf2 Qc7 18. Rfb1 b5 19. f5 0-0 20. f6 gxf6 21. exf6 Bd6 22. Qh4 Kh8 23. Nxb5 axb5 24. Rc3 e5 25. Rxc7 Bxc7 26. Bxe5 Bxe5 27. Qg5 Bd4+ 28. Kh1 Rg8 29. Qxd5 Rad8 30. Qxd4 Rxg2 31. Qxd7 Rxd7 32. Kxg2 Rd2+ 33. Kg3 Rxc2 34. a4 b4 35. Rxb4 h6 36. h4 Kh7 37. Rg4 Ra2 38. Rg7+ Kh8 39. Rxf7 Rxa4 40. Rg7 h5 41. Rg5 Kh7 42. Kf3 Ra6 43. Rf5 Kg8 44. Kf4 Kf7 45. Kg5 Ra1 46. Kxh5 Rg1 47. Kh6 Rg6+ 48. Kh7 Rxf6 49. Ra5 Rb6 50. h5 Rc6 51. h6 Rb6 52. Rf5+ Ke6 53. Rf1 Rb2 54. Kh8 Rg2 55. Rf8 Ke7 56. Rg8 Rh2 57. Kh7 Kf7 58. Rg7+ 1/2-1/2

[Event "GER-chT U12"]
[Site "Magdeburg"]
[Date "2018.12.29"]
[Round "5.1"]
[White "Nitsche, Nikolai"]
[Black "Phan Trong, Dai"]
[Result "1-0"]
[WhiteElo "1695"]
[BlackElo "1659"]
[PlyCount "59"]
[EventDate "2018.12.27"]
[EventType "team-swiss"]
[EventRounds "7"]
[EventCountry "GER"]
[SourceTitle "CBM 188 Extra"]
[Source "ChessBase"]
[SourceDate "2019.02.26"]
[SourceVersion "1"]
[SourceVersionDate "2019.02.26"]
[SourceQuality "1"]
[WhiteTeam "Berlin Empor"]
[BlackTeam "Dresden Leuben"]
[WhiteTeamCountry "GER"]
[BlackTeamCountry "GER"]

1. e4 e5 2. Nf3 Nc6 3. Bc4 Bc5 4. c3 Nf6 5. d4 exd4 6. e5 d5 7. Be2 Ne4 8. cxd4 Bb4+ 9. Bd2 Nxd2 10. Nbxd2 0-0 11. 0-0 Bf5 12. a3 Ba5 13. b4 Bb6 14. Nb3 a6 15. Rc1 Re8 16. Nc5 Bc8 17. Na4 Ba7 18. Bxa6 Bxd4 19. Rxc6 bxc6 20. Bxc8 Bxf2+ 21. Rxf2 Qxc8 22. Nc5 Rxa3 23. h3 Qa8 24. Qd4 Rb8 25. e6 Rf8 26. Nd7 Ra4 27. Nxf8 Qxf8 28. exf7+ Qxf7 29. Ne5 Qe6 30. Qf4 1-0

[Event "Wch U10"]
[Site "Santiago de Compostela"]
[Date "2018.11.11"]
[Round "7"]
[White "Nitsche, Nikolai"]
[Black "Chandra, Anand Rishi"]
[Result "1/2-1/2"]
[WhiteElo "1645"]
[BlackElo "1953"]
[PlyCount "102"]
[EventDate "2018.11.04"]
[EventType "swiss"]
[EventRounds "11"]
[EventCountry "ESP"]
[SourceTitle "EXT 2022"]
[Source "ChessBase"]
[SourceDate "2021.10.06"]
[SourceVersion "1"]
[SourceVersionDate "2021.10.06"]
[SourceQuality "1"]

1. e4 c5 2. Nf3 d6 3. d4 cxd4 4. Qxd4 Nc6 5. Bb5 Bd7 6. Bxc6 Bxc6 7. Nc3 Nf6 8. Bg5 e6 9. 0-0-0 Be7 10. Qd3 0-0 11. Nd4 Qa5 12. f4 Rfc8 13. f5 e5 14. Nb3 Qc7 15. Bxf6 gxf6 16. Kb1 a5 17. Rd2 a4 18. Nc1 Ra5 19. g4 b5 20. h4 Qb7 21. g5 b4 22. Nd5 Bxd5 23. exd5 Rcc5 24. Rg1 fxg5 25. f6 Bxf6 26. Qf5 Qe7 27. hxg5 Bg7 28. Rh2 Rxd5 29. Qxh7+ Kf8 30. g6 f5 31. Qh8+ Bxh8 32. Rxh8+ Kg7 33. Rh7+ Kf6 34. Rxe7 Kxe7 35. g7 Ra8 36. g8Q Rxg8 37. Rxg8 f4 38. Rg1 f3 39. Nd3 b3 40. axb3 axb3 41. Rf1 e4 42. Re1 bxc2+ 43. Kxc2 Rd4 44. Nf2 d5 45. b3 Kd6 46. Kc3 Kc5 47. Re3 Rb4 48. Nd3+ exd3 49. Rxf3 d4+ 50. Kb2 d2 51. Rd3 Kd5 1/2-1/2

[Event "EU-chT U12"]
[Site "Bad Blankenburg"]
[Date "2018.07.16"]
[Round "7.3"]
[White "Nitsche, Nikolai"]
[Black "Pasti, Aron"]
[Result "0-1"]
[WhiteElo "1726"]
[BlackElo "2069"]
[PlyCount "86"]
[EventDate "2018.07.12"]
[EventType "team-tourn"]
[EventRounds "9"]
[EventCountry "GER"]
[SourceTitle "EXT 2019"]
[Source "ChessBase"]
[SourceDate "2018.10.10"]
[SourceVersion "1"]
[SourceVersionDate "2018.10.10"]
[SourceQuality "1"]
[WhiteTeam "Germany U12 III"]
[BlackTeam "Hungary U12"]
[WhiteTeamCountry "GER"]
[BlackTeamCountry "HUN"]

1. e4 e5 2. Nf3 Nc6 3. Bc4 Bc5 4. c3 Nf6 5. d4 exd4 6. e5 d5 7. Be2 Ne4 8. cxd4 Bb6 9. 0-0 0-0 10. Nc3 Be6 11. Be3 f6 12. exf6 Qxf6 13. Rc1 Rad8 14. Na4 h6 15. Nxb6 axb6 16. a3 Nd6 17. b3 Bf7 18. Qd2 Rfe8 19. Bd3 Bh5 20. Ne5 Nxe5 21. dxe5 Qxe5 22. Bd4 Qe7 23. b4 Ne4 24. Qc2 Rc8 25. Rfe1 Qg5 26. Bxe4 dxe4 27. Be3 Qg6 28. f4 Bg4 29. Qb3+ Be6 30. Qc2 Kh7 31. Red1 Bf5 32. a4 c5 33. Qb2 c4 34. Rd4 Qe6 35. Qe2 c3 36. Qc2 Red8 37. Rxd8 Rxd8 38. Qxc3 Rd3 39. Qe1 Qb3 40. Bxb6 e3 41. a5 Be4 42. Rb1 Qc2 43. Qf1 Rd2 0-1

[Event "EU-chT U12"]
[Site "Bad Blankenburg"]
[Date "2018.07.16"]
[Round "6.3"]
[White "Strybuk, Artsiom I"]
[Black "Nitsche, Nikolai"]
[Result "1-0"]
[WhiteElo "2079"]
[BlackElo "1726"]
[PlyCount "49"]
[EventDate "2018.07.12"]
[EventType "team-tourn"]
[EventRounds "9"]
[EventCountry "GER"]
[SourceTitle "EXT 2019"]
[Source "ChessBase"]
[SourceDate "2018.10.10"]
[SourceVersion "1"]
[SourceVersionDate "2018.10.10"]
[SourceQuality "1"]
[WhiteTeam "Belarus U12"]
[BlackTeam "Germany U12 III"]
[WhiteTeamCountry "BLR"]
[BlackTeamCountry "GER"]

1. e4 e6 2. d4 d5 3. Nd2 Be7 4. e5 c5 5. c3 Nc6 6. Ndf3 Qb6 7. Bd3 f6 8. Ne2 c4 9. exf6 Nxf6 10. Bc2 Bd7 11. 0-0 0-0 12. Bg5 Qxb2 13. Rb1 Qxa2 14. Ne5 Rad8 15. Rxb7 Qa6 16. Nxc6 Qxb7 17. Nxe7+ Kf7 18. Nf4 Kxe7 19. Bxh7 Be8 20. Nxe6 Kxe6 21. Re1+ Kf7 22. Bxf6 gxf6 23. Qg4 Rh8 24. Qg6+ Kf8 25. Qxf6+ 1-0

[Event "Berlin Werner Ott op"]
[Site "Berlin"]
[Date "2018.06.30"]
[Round "1"]
[White "Wierzbicki, Jirawat"]
[Black "Nitsche, Nikolai"]
[Result "1-0"]
[WhiteElo "2161"]
[BlackElo "1726"]
[PlyCount "73"]
[EventDate "2018.06.30"]
[EventType "swiss"]
[EventRounds "9"]
[EventCountry "GER"]
[SourceTitle "CBM 185 Extra"]
[Source "ChessBase"]
[SourceDate "2018.07.29"]
[SourceVersion "1"]
[SourceVersionDate "2018.07.29"]
[SourceQuality "1"]

1. e4 e6 2. d3 d5 3. Qe2 Nf6 4. Nf3 Be7 5. g3 c5 6. Bg2 Nc6 7. 0-0 0-0 8. e5 Nd7 9. c4 Nb6 10. h4 dxc4 11. dxc4 f6 12. Rd1 Qc7 13. exf6 Bxf6 14. Na3 a6 15. Ng5 Nd4 16. Qe4 Bxg5 17. Bxg5 Rb8 18. Bf4 Rxf4 19. gxf4 Bd7 20. Qe5 Qxe5 21. fxe5 Rf8 22. b4 Ba4 23. Rd2 Nf3+ 24. Bxf3 Rxf3 25. bxc5 Nd7 26. Nb5 Nxe5 27. Rd8+ Rf8 28. Rxf8+ Kxf8 29. Nd4 Nxc4 30. Nxe6+ Kg8 31. Nd4 Ne5 32. Rb1 Nd3 33. Rxb7 Nxc5 34. Rc7 Nd3 35. Ne6 g6 36. Rg7+ Kh8 37. Ra7 1-0